[Event "GER-ch (Women)"]
[Site "Magdeburg"]
[Date "2023.07.05"]
[Round "1"]
[White "Schmidt, Luise"]
[Black "Hielscher, Ursula"]
[Result "1/2-1/2"]
[WhiteElo "1366"]
[BlackElo "1732"]
[PlyCount "85"]
[EventDate "2023.07.05"]
[EventType "swiss"]
[EventRounds "7"]
[EventCountry "GER"]
[SourceTitle "CBM 215 Extra"]
[Source "ChessBase"]
[SourceDate "2023.09.30"]
[SourceVersion "1"]
[SourceVersionDate "2023.09.30"]
[SourceQuality "1"]

1. d4 d5 2. c4 c6 3. e3 Nf6 4. Nc3 e6 5. Nf3 Nbd7 6. Be2 Bd6 7. 0-0 0-0 8. a3 Re8 9. b4 dxc4 10. Bxc4 b5 11. Bb3 a5 12. bxa5 Rxa5 13. a4 Ba6 14. Bd2 b4 15. Ne2 Qb8 16. Rc1 c5 17. Bc4 Bb7 18. dxc5 Bxf3 19. cxd6 Rg5 20. g3 Qa8 21. Bxb4 Rg4 22. h3 Rg5 23. Bb5 Bg2 24. Rc7 Rxb5 25. axb5 Ne5 26. Nf4 Bxf1 27. Kxf1 Qh1+ 28. Ke2 Qf3+ 29. Ke1 Qe4 30. Ba3 g5 31. Nh5 Qh1+ 32. Kd2 Qd5+ 33. Kc1 Nd3+ 34. Kc2 Qa2+ 35. Kxd3 Qxa3+ 36. Ke2 Qb2+ 37. Kf1 Qxb5+ 38. Kg1 Nd5 39. Qa1 e5 40. d7 Nxc7 41. dxe8Q+ Nxe8 42. Qa8 Kf8 43. Nf6 1/2-1/2

[Event "Bremen Silvester op-B"]
[Site "Bremen"]
[Date "2022.12.28"]
[Round "4"]
[White "Hielscher, Ursula"]
[Black "Monnerjahn, Lukas"]
[Result "0-1"]
[WhiteElo "1717"]
[BlackElo "1762"]
[PlyCount "88"]
[EventDate "2022.12.27"]
[EventType "swiss"]
[EventRounds "7"]
[EventCountry "GER"]
[SourceTitle "CBM 211 Extra"]
[Source "ChessBase"]
[SourceDate "2023.01.31"]
[SourceVersion "1"]
[SourceVersionDate "2023.01.31"]
[SourceQuality "1"]

1. d4 d5 2. c4 e6 3. Nc3 Nf6 4. Bg5 c6 5. e3 Nbd7 6. cxd5 exd5 7. Bd3 Bd6 8. Nf3 0-0 9. 0-0 Re8 10. Qc2 Nf8 11. h3 Ng6 12. e4 dxe4 13. Nxe4 Be7 14. Nxf6+ Bxf6 15. Bxf6 Qxf6 16. Be4 Be6 17. Rfd1 Rad8 18. a4 Qf4 19. Bxg6 hxg6 20. Qd2 Qxd2 21. Rxd2 Rd6 22. Ra3 f6 23. Re3 Kf7 24. Rde2 a5 25. Kh2 Rdd8 26. g4 g5 27. Kg3 Rd7 28. h4 gxh4+ 29. Kxh4 g5+ 30. Kg3 Ree7 31. Rc3 Bd5 32. Rxe7+ Rxe7 33. Nd2 Re2 34. Rd3 Re1 35. Nf3 Rb1 36. Rd2 Ra1 37. b3 Rb1 38. Rd3 Rxb3 39. Rxb3 Bxb3 40. Nd2 Bxa4 41. Nc4 b5 42. Nxa5 b4 43. Nc4 Ke6 44. f3 Bb5 0-1

[Event "Sachsen-Anhalt-ch (Women)"]
[Site "Magdeburg"]
[Date "2022.10.29"]
[Round "1"]
[White "Eue, Vicky"]
[Black "Hielscher, Ursula"]
[Result "0-1"]
[WhiteElo "1678"]
[BlackElo "1685"]
[PlyCount "120"]
[EventDate "2022.10.29"]
[EventType "tourn"]
[EventRounds "7"]
[EventCountry "GER"]
[SourceTitle "CBM 211 Extra"]
[Source "ChessBase"]
[SourceDate "2023.01.31"]
[SourceVersion "1"]
[SourceVersionDate "2023.01.31"]
[SourceQuality "1"]

1. e4 e6 2. d4 d5 3. Nc3 Nf6 4. e5 Nfd7 5. f4 a6 6. a3 c5 7. Nf3 Nc6 8. Ne2 cxd4 9. Nexd4 Bc5 10. b4 Ba7 11. Be3 Qc7 12. Qd2 Nb6 13. b5 Nxd4 14. Nxd4 Nc4 15. Bxc4 Qxc4 16. Qb4 Bxd4 17. Qxc4 dxc4 18. Bxd4 axb5 19. Bc5 Bd7 20. Ke2 Bc6 21. Rhg1 Rd8 22. Bd6 f6 23. g3 Kf7 24. c3 Kg6 25. g4 Kf7 26. h4 h6 27. h5 g5 28. Raf1 Be4 29. Rf2 gxf4 30. Rxf4 f5 31. gxf5 exf5 32. Rg6 Rdg8 33. Rf6+ Ke8 34. Ke3 Rg3+ 35. Kd4 b6 36. Re6+ Kd8 37. Be7+ Kd7 38. Rxb6 Rd3+ 39. Kc5 Kxe7 40. Rf1 Rd5+ 41. Kb4 Ra8 42. Rxb5 Rxb5+ 43. Kxb5 Rxa3 44. Kxc4 Ra5 45. Kd4 Rd5+ 46. Ke3 Rxe5 47. Kd4 Rd5+ 48. Ke3 Rd3+ 49. Kf4 Rxc3 50. Ke5 Rc5+ 51. Kf4 Rc6 52. Rg1 Kf7 53. Ke5 Bd3 54. Ra1 Re6+ 55. Kd4 Be2 56. Ra7+ Kf6 57. Rh7 Kg5 58. Kd5 Ra6 59. Rg7+ Kxh5 60. Ke5 Bg4 0-1

[Event "Sachsen-Anhalt-ch (Women)+"]
[Site "Magdeburg"]
[Date "2022.10.29"]
[Round "2"]
[White "Hielscher, Ursula"]
[Black "Guder, Sibylle"]
[Result "1-0"]
[WhiteElo "1685"]
[BlackElo "1811"]
[PlyCount "75"]
[EventDate "2022.10.29"]
[EventType "tourn"]
[EventRounds "7"]
[EventCountry "GER"]
[SourceTitle "CBM 211 Extra"]
[Source "ChessBase"]
[SourceDate "2023.01.31"]
[SourceVersion "1"]
[SourceVersionDate "2023.01.31"]
[SourceQuality "1"]

1. d4 g6 2. c4 Bg7 3. Nc3 d6 4. e4 Nc6 5. Be3 e5 6. d5 Nce7 7. Bd3 f5 8. f3 Nf6 9. Qd2 0-0 10. 0-0-0 a6 11. h4 Nh5 12. Nge2 Bd7 13. Rdg1 f4 14. Bf2 b5 15. cxb5 axb5 16. Bxb5 Bxb5 17. Nxb5 Rxa2 18. Nec3 Ra1+ 19. Kc2 Ra8 20. Ra1 Qd7 21. Qd3 Kh8 22. Rhd1 Rfb8 23. Qc4 Rxa1 24. Rxa1 c6 25. dxc6 Nxc6 26. Rd1 Bf8 27. Bc5 Qb7 28. Bxd6 Nd4+ 29. Rxd4 Rc8 30. Bxe5+ Bg7 31. Bxg7+ Nxg7 32. Qd3 Ne6 33. Nd6 Qb6 34. Nxc8 Nxd4+ 35. Kb1 Qf6 36. Ne7 Nb3 37. Qd8+ Kg7 38. Qg8+ 1-0

[Event "GER-chT Federal Cup (Women)"]
[Site "Braunfels"]
[Date "2022.06.17"]
[Round "2.39"]
[White "Albayrak, Aylin"]
[Black "Hielscher, Ursula"]
[Result "1-0"]
[WhiteElo "1671"]
[BlackElo "1717"]
[PlyCount "67"]
[EventDate "2022.06.15"]
[EventType "team-swiss"]
[EventRounds "5"]
[EventCountry "GER"]
[SourceTitle "EXT 2023"]
[Source "ChessBase"]
[SourceDate "2022.10.05"]
[SourceVersion "1"]
[SourceVersionDate "2022.10.05"]
[SourceQuality "1"]

1. d4 d5 2. c4 e6 3. Nf3 Nf6 4. Bg5 Nbd7 5. cxd5 exd5 6. Nc3 c6 7. e3 Bb4 8. Qb3 Bd6 9. Bd3 h6 10. Bh4 0-0 11. 0-0 Re8 12. Rac1 Nf8 13. Rfe1 Ng6 14. Bg3 Bxg3 15. hxg3 Rb8 16. Qc2 Nf8 17. b4 Qe7 18. b5 Bd7 19. Ne5 c5 20. Nxd7 N8xd7 21. dxc5 Qxc5 22. Qb3 Rbc8 23. Ne2 Qb6 24. Bf5 Rxc1 25. Rxc1 g6 26. Bxd7 Nxd7 27. Qxd5 Nf6 28. Qb3 Qa5 29. Nf4 g5 30. Ne2 Ne4 31. Qb2 Nd6 32. Nd4 Ne4 33. Nf5 f6 34. Qb3+ 1-0

[Event "GER-ch op (Women) 20th"]
[Site "Erlangen"]
[Date "2020.10.04"]
[Round "7"]
[White "Hielscher, Ursula"]
[Black "Albayrak, Aylin"]
[Result "1-0"]
[WhiteElo "1784"]
[BlackElo "1735"]
[PlyCount "51"]
[EventDate "2020.10.01"]
[EventType "swiss"]
[EventRounds "7"]
[EventCountry "GER"]
[SourceTitle "EXT 2022"]
[Source "ChessBase"]
[SourceDate "2021.10.06"]
[SourceVersion "1"]
[SourceVersionDate "2021.10.06"]
[SourceQuality "1"]

1. d4 d5 2. c4 Nf6 3. Nc3 e6 4. Bg5 Be7 5. e3 c5 6. dxc5 Bxc5 7. Bxf6 Qxf6 8. cxd5 exd5 9. Qxd5 Be7 10. Bb5+ Nc6 11. Nf3 0-0 12. 0-0 Rd8 13. Qc4 Be6 14. Qe2 Rac8 15. Rad1 Nb4 16. a3 Nd5 17. Ne4 Qg6 18. Bd3 Bf5 19. Ng3 Bxd3 20. Qxd3 Qb6 21. Qe4 Qc5 22. b4 Qb5 23. Rxd5 Rxd5 24. Qxe7 Rcd8 25. Nd4 R5d7 26. Qxd8+ 1-0

[Event "GER-ch op (Women) 20th"]
[Site "Erlangen"]
[Date "2020.10.03"]
[Round "5"]
[White "Hielscher, Ursula"]
[Black "Von Beckh, Frieda"]
[Result "1/2-1/2"]
[WhiteElo "1784"]
[BlackElo "1589"]
[PlyCount "118"]
[EventDate "2020.10.01"]
[EventType "swiss"]
[EventRounds "7"]
[EventCountry "GER"]
[SourceTitle "EXT 2022"]
[Source "ChessBase"]
[SourceDate "2021.10.06"]
[SourceVersion "1"]
[SourceVersionDate "2021.10.06"]
[SourceQuality "1"]

1. d4 d5 2. c4 e6 3. Nc3 Nf6 4. Bg5 Nbd7 5. cxd5 exd5 6. e3 Be7 7. Nf3 0-0 8. Bd3 h6 9. Bh4 Re8 10. 0-0 Nb6 11. Rc1 Bg4 12. h3 Bh5 13. Be2 Rc8 14. Ne5 Bxe2 15. Qxe2 Nbd7 16. Nd3 c5 17. dxc5 Nxc5 18. Rfd1 Nce4 19. Nb5 a6 20. Nd4 Nc5 21. Bxf6 Nxd3 22. Rxc8 Qxc8 23. Bxe7 Nxb2 24. Qxb2 Rxe7 25. g4 g6 26. Nf3 f5 27. Qd4 fxg4 28. Qxd5+ Kh7 29. Qd6 Rg7 30. hxg4 Qxg4+ 31. Qg3 Qa4 32. Rd2 b5 33. Ne5 Qb4 34. Rd4 Qb1+ 35. Kh2 Qxa2 36. Rd7 Qe6 37. Rxg7+ Kxg7 38. Nd3 a5 39. Qc7+ Kf6 40. Qxa5 Qd6+ 41. Nf4 g5 42. Qc3+ Kf7 43. Qb3+ Ke7 44. Qxb5 gxf4 45. Qb7+ Kd8 46. Qa8+ Ke7 47. Qe4+ Kf6 48. exf4 Qe6 49. Qd4+ Kf5 50. Kg3 Qg6+ 51. Kf3 Qh5+ 52. Ke3 Qe8+ 53. Kd3 Qb5+ 54. Kd2 Qa5+ 55. Ke2 Qa2+ 56. Kf1 Qb1+ 57. Kg2 Qe4+ 58. Qxe4+ Kxe4 59. Kg3 Kf5 1/2-1/2

[Event "GER-ch (Women)"]
[Site "Magdeburg"]
[Date "2020.08.17"]
[Round "2"]
[White "Vidonyak, Nellya"]
[Black "Hielscher, Ursula"]
[Result "1-0"]
[WhiteElo "2136"]
[BlackElo "1789"]
[PlyCount "77"]
[EventDate "2020.08.16"]
[EventType "swiss"]
[EventRounds "9"]
[EventCountry "GER"]
[SourceTitle "CBM 197 Extra"]
[Source "ChessBase"]
[SourceDate "2020.09.30"]
[SourceVersion "1"]
[SourceVersionDate "2020.09.30"]
[SourceQuality "1"]

1. d4 d5 2. e3 c6 3. b3 Bf5 4. Nf3 e6 5. Be2 Bb4+ 6. c3 Ba5 7. 0-0 Nf6 8. b4 Bc7 9. b5 0-0 10. a4 cxb5 11. Bxb5 a6 12. Be2 Nbd7 13. Nbd2 Rc8 14. Ba3 Re8 15. Qb3 b5 16. axb5 axb5 17. Bxb5 Rb8 18. c4 dxc4 19. Qxc4 e5 20. Rfc1 Ba5 21. Bxd7 Nxd7 22. e4 Be6 23. d5 Bg4 24. Qd3 Bb4 25. Bxb4 Rxb4 26. h3 Bh5 27. Qc3 Rb8 28. Ra7 Ra8 29. Rc7 f6 30. Qc6 Re7 31. d6 Rf7 32. Nh4 Nf8 33. Nf5 Ne6 34. Ne7+ Kh8 35. Rc8 Rxc8 36. Qxc8 Qxc8 37. Rxc8+ Rf8 38. d7 Nd8 39. Nc6 1-0

[Event "DSOL 06 Liga Gr-D 1st"]
[Site "Playchess.com INT"]
[Date "2020.07.14"]
[Round "4.2"]
[White "Hielscher, Ursula"]
[Black "Boelke, Mark"]
[Result "0-1"]
[WhiteElo "1744"]
[BlackElo "1653"]
[PlyCount "158"]
[EventDate "2020.06.22"]
[EventType "team-tourn (rapid)"]
[EventCountry "GER"]
[SourceTitle "EXT 2021"]
[Source "ChessBase"]
[SourceDate "2020.10.23"]
[SourceVersion "1"]
[SourceVersionDate "2020.10.23"]
[SourceQuality "1"]
[WhiteTeam "Fallersleben"]
[BlackTeam "Hamburger SK VI"]
[WhiteTeamCountry "GER"]
[BlackTeamCountry "GER"]

1. d4 Nf6 2. c4 e6 3. Nc3 Bb4 4. Bd2 0-0 5. e3 b6 6. Nf3 Bb7 7. Be2 d6 8. 0-0 Nbd7 9. Rc1 c5 10. Nb5 Bxd2 11. Qxd2 Ne4 12. Qd1 Qe7 13. Qe1 f5 14. b4 a6 15. Na3 Rad8 16. Nc2 Rf6 17. Rb1 Rg6 18. bxc5 dxc5 19. dxc5 Qxc5 20. Ncd4 Qe7 21. Kh1 Nec5 22. Rg1 Rh6 23. g3 g5 24. Rg2 g4 25. Nh4 Bxg2+ 26. Kxg2 Ne4 27. Nhxf5 exf5 28. Nxf5 Qe6 29. Nxh6+ Qxh6 30. Bxg4 Qf6 31. f3 Nec5 32. Rd1 Ne5 33. Rxd8+ Qxd8 34. Bf5 Qf6 35. e4 Ned3 36. Qd2 Qb2 37. Qxb2 Nxb2 38. Kf2 Nxc4 39. f4 Nd6 40. Bg4 Ndxe4+ 41. Ke3 Nc3 42. Bf3 Kg7 43. a3 Kf6 44. g4 h6 45. Bc6 a5 46. Kd4 Nb1 47. a4 Nd2 48. Kc3 Nf1 49. h4 Ne3 50. g5+ hxg5 51. fxg5+ Kg6 52. Be8+ Kg7 53. Kd4 Nf5+ 54. Kd5 Nxh4 55. Kc6 Nxa4 56. Kb5 Nf5 57. Kxa4 Nd6 58. Bc6 Kg6 59. Bf3 Kxg5 60. Be2 Kf4 61. Bd1 Ke3 62. Bh5 Kd4 63. Be2 Kc5 64. Bf1 Nc4 65. Be2 b5+ 66. Kb3 a4+ 67. Ka2 b4 68. Bd1 a3 69. Bb3 Kd4 70. Bc2 Kc3 71. Bb3 Nd2 72. Bf7 Nc4 73. Bh5 b3+ 74. Ka1 Kc2 75. Bg6+ Kc1 76. Bd3 Nd2 77. Bg6 Nc4 78. Bd3 Ne3 79. Bb1 Nc2+ 0-1

[Event "DSOL 06 Liga Gr-D 1st"]
[Site "Playchess.com INT"]
[Date "2020.06.23"]
[Round "1.2"]
[White "Hielscher, Ursula"]
[Black "Dietl, Harald"]
[Result "0-1"]
[WhiteElo "1744"]
[BlackElo "1695"]
[PlyCount "76"]
[EventDate "2020.06.22"]
[EventType "team-tourn (rapid)"]
[EventCountry "GER"]
[SourceTitle "EXT 2021"]
[Source "ChessBase"]
[SourceDate "2020.10.23"]
[SourceVersion "1"]
[SourceVersionDate "2020.10.23"]
[SourceQuality "1"]
[WhiteTeam "Fallersleben"]
[BlackTeam "Abensberg"]
[WhiteTeamCountry "GER"]
[BlackTeamCountry "GER"]

1. d4 Nf6 2. c4 c5 3. d5 e6 4. Nc3 exd5 5. cxd5 d6 6. e4 g6 7. Bg5 Bg7 8. Bc4 0-0 9. Nge2 Nbd7 10. 0-0 Ne5 11. Bb3 h6 12. Bh4 g5 13. Bg3 Re8 14. f3 Bd7 15. Bf2 b5 16. Bc2 Nc4 17. Qc1 Nh7 18. Rd1 b4 19. Na4 Bxa4 20. Bxa4 Nxb2 21. Bxe8 Nxd1 22. Bc6 Nxf2 23. Kxf2 Rb8 24. Rb1 Nf6 25. Ng3 Nd7 26. Nf5 Ne5 27. Qd1 Nxc6 28. Nxg7 Kxg7 29. dxc6 Qc7 30. Qd5 Rb6 31. Re1 Qxc6 32. Qd2 c4 33. Kf1 c3 34. Qd4+ f6 35. Rc1 Qc5 36. Qxc5 dxc5 37. Ke2 Rd6 38. Rc2 Kf7 0-1

[Event "BL2 West 1920 (Women)"]
[Site "Germany"]
[Date "2020.02.02"]
[Round "5.4"]
[White "Braeutigam, Katerina"]
[Black "Hielscher, Ursula"]
[Result "0-1"]
[WhiteElo "1660"]
[BlackElo "1804"]
[PlyCount "132"]
[EventDate "2019.09.14"]
[EventType "team-tourn"]
[EventRounds "7"]
[EventCountry "GER"]
[SourceTitle "EXT 2021"]
[Source "ChessBase"]
[SourceDate "2020.10.23"]
[SourceVersion "1"]
[SourceVersionDate "2020.10.23"]
[SourceQuality "1"]
[WhiteTeam "Luebeck (W)"]
[BlackTeam "Kiel Doppelbauer (W)"]
[WhiteTeamCountry "GER"]
[BlackTeamCountry "GER"]

1. e4 e6 2. d4 d5 3. e5 c5 4. c3 Nc6 5. Nf3 Qb6 6. a3 Nge7 7. Bd3 Bd7 8. Bc2 Ng6 9. 0-0 Be7 10. b4 cxd4 11. cxd4 a5 12. bxa5 Nxa5 13. Nc3 Qc7 14. Ne2 Nc4 15. Nd2 0-0 16. Nxc4 dxc4 17. Bb2 Bb5 18. a4 Ba6 19. Qd2 c3 20. Nxc3 Bxf1 21. Rxf1 Bb4 22. Bb3 Rfc8 23. Rc1 Qa5 24. Qe3 Ne7 25. g4 Qb6 26. Ne2 Rxc1+ 27. Bxc1 Rc8 28. Bb2 Bd2 29. Qd3 g6 30. Bxe6 Qxe6 31. Qxd2 Qxg4+ 32. Ng3 Nf5 33. Kf1 Qh3+ 34. Ke1 Nh4 35. Kd1 Qxh2 36. d5 Nf3 37. Qe2 Qg1+ 38. Qf1 Qxf1+ 39. Nxf1 Rd8 40. Ne3 h5 41. Ke2 Ng5 42. d6 Ne6 43. Nd5 Kg7 44. Ba3 Ra8 45. d7 Rxa4 46. Nc7 Nd8 47. Be7 Nc6 48. Bf6+ Kf8 49. e6 fxe6 50. d8Q+ Nxd8 51. Bxd8 Kf7 52. Nb5 Ke8 53. Bf6 Kd7 54. Kf3 Rb4 55. Nc3 b5 56. Ne4 Kc6 57. Be7 Rb1 58. Kf4 Kd7 59. Bf6 b4 60. Nc5+ Kd6 61. Nd3 b3 62. Kg5 Rg1+ 63. Kf4 Kd5 64. Nb2 e5+ 65. Kf3 Rb1 66. Nd3 e4+ 0-1

[Event "GER-chT Federal Cup (Women)"]
[Site "Braunfels"]
[Date "2019.06.22"]
[Round "4.13"]
[White "Hielscher, Ursula"]
[Black "Mehling, Katharina"]
[Result "1-0"]
[WhiteElo "1796"]
[BlackElo "1974"]
[PlyCount "62"]
[EventDate "2019.06.20"]
[EventType "team-swiss"]
[EventRounds "5"]
[EventCountry "GER"]
[SourceTitle "CBM 191 Extra"]
[Source "ChessBase"]
[SourceDate "2019.09.30"]
[SourceVersion "1"]
[SourceVersionDate "2019.09.30"]
[SourceQuality "1"]

1. d4 f5 2. e4 fxe4 3. Nc3 Nf6 4. Bg5 g6 5. Bxf6 exf6 6. Nxe4 d5 7. Nc3 Bh6 8. Bd3 Kf7 9. Nge2 Nc6 10. 0-0 Nb4 11. Bb5 c6 12. Ba4 Bg4 13. a3 Na6 14. Qd3 Qd7 15. Qg3 Bf8 16. h3 Be6 17. Nf4 Bd6 18. Qf3 Rae8 19. Nfxd5 Qd8 20. Ne3 Ref8 21. d5 cxd5 22. Nexd5 Nc5 23. Rad1 Nxa4 24. Nxa4 Bd7 25. Nac3 Be5 26. Rfe1 Kg7 27. Nb4 Qc8 28. Qe3 Bb8 29. Qd4 Rf7 30. Ncd5 Re8 31. Nxf6 Be5 1-0

[Event "BL2 West 1819 (Women)"]
[Site "Germany"]
[Date "2018.10.27"]
[Round "1.5"]
[White "Hielscher, Ursula"]
[Black "Hausrath, Michaela"]
[Result "1-0"]
[WhiteElo "1768"]
[BlackElo "1761"]
[PlyCount "77"]
[EventDate "2018.10.27"]
[EventType "team-tourn"]
[EventRounds "7"]
[EventCountry "GER"]
[SourceTitle "CBM 190 Extra"]
[Source "ChessBase"]
[SourceDate "2019.07.15"]
[SourceVersion "1"]
[SourceVersionDate "2019.07.15"]
[SourceQuality "1"]
[WhiteTeam "Kiel Doppelbauer (W)"]
[BlackTeam "Muelheim Nord (W)"]
[WhiteTeamCountry "GER"]
[BlackTeamCountry "GER"]

1. d4 Nf6 2. c4 e6 3. Nc3 Bb4 4. Bd2 b6 5. e3 Bb7 6. Nf3 0-0 7. Bd3 d5 8. 0-0 dxc4 9. Bxc4 c5 10. a3 Bxc3 11. Bxc3 Nbd7 12. Qe2 Ne4 13. Rfd1 Nxc3 14. bxc3 Qe7 15. Bb5 Rfd8 16. Rd2 Nf6 17. Ne5 Nd5 18. Rc1 Rac8 19. c4 Nf6 20. Rcd1 cxd4 21. Rxd4 Rxd4 22. Rxd4 Qxa3 23. Qd1 h6 24. Rd8+ Rxd8 25. Qxd8+ Qf8 26. Qc7 a6 27. Ba4 b5 28. cxb5 axb5 29. Bxb5 Bd5 30. f3 Ne8 31. Qa7 Nd6 32. Bd3 f6 33. Ng6 Qe8 34. Qc7 Nf5 35. e4 Qxg6 36. exd5 Qf7 37. Qc8+ Qf8 38. Qxe6+ Kh8 39. Qxf5 1-0

[Event "GER-chT Federal Cup (Women)"]
[Site "Braunfels"]
[Date "2018.06.02"]
[Round "4.2"]
[White "Noll, Sonja"]
[Black "Hielscher, Ursula"]
[Result "1/2-1/2"]
[WhiteElo "1783"]
[BlackElo "1785"]
[PlyCount "25"]
[EventDate "2018.05.31"]
[EventType "team-swiss"]
[EventRounds "5"]
[EventCountry "GER"]
[SourceTitle "EXT 2020"]
[Source "ChessBase"]
[SourceDate "2019.10.17"]
[SourceVersion "1"]
[SourceVersionDate "2019.10.17"]
[SourceQuality "1"]
[WhiteTeam "Saarland SG (W)"]
[BlackTeam "Schleswig Holstein (W)"]
[WhiteTeamCountry "GER"]
[BlackTeamCountry "GER"]

1. e4 e6 2. Nc3 d5 3. exd5 exd5 4. d4 Nf6 5. h3 c6 6. Be3 Bb4 7. Bd3 Be6 8. Nge2 0-0 9. 0-0 Nbd7 10. Nf4 Rc8 11. Nce2 c5 12. c3 c4 13. Bxh7+ 1/2-1/2

[Event "BL 1718 (Women)"]
[Site "Germany"]
[Date "2017.12.17"]
[Round "5.4"]
[White "Korenova, Martina"]
[Black "Hielscher, Ursula"]
[Result "1-0"]
[WhiteElo "2169"]
[BlackElo "1845"]
[PlyCount "49"]
[EventDate "2017.10.01"]
[EventType "team-tourn"]
[EventRounds "11"]
[EventCountry "GER"]
[SourceTitle "EXT 2019"]
[Source "ChessBase"]
[SourceDate "2018.10.10"]
[SourceVersion "1"]
[SourceVersionDate "2018.10.10"]
[SourceQuality "1"]
[WhiteTeam "Rodewisch (W)"]
[BlackTeam "Kiel Doppelbauer (W)"]
[WhiteTeamCountry "GER"]
[BlackTeamCountry "GER"]

1. e4 e6 2. d4 d5 3. Nd2 c5 4. Ngf3 Nc6 5. exd5 exd5 6. dxc5 Bxc5 7. Nb3 Bb6 8. Be2 Nf6 9. 0-0 0-0 10. c3 h6 11. Bf4 Re8 12. Nbd4 Bc7 13. Bxc7 Qxc7 14. Re1 Bd7 15. Qb3 Nxd4 16. Nxd4 Bc6 17. Rad1 Rad8 18. Bf3 Rxe1+ 19. Rxe1 Qd7 20. Qc2 Re8 21. Rd1 Qe7 22. h3 Ne4 23. c4 Qe5 24. b4 Rc8 25. cxd5 1-0

[Event "GER-chT Federal Cup (Women)"]
[Site "Braunfels"]
[Date "2017.06.16"]
[Round "3.1"]
[White "Rogozenco, Teodora Nana"]
[Black "Hielscher, Ursula"]
[Result "1-0"]
[WhiteElo "2147"]
[BlackElo "1835"]
[PlyCount "95"]
[EventDate "2017.06.15"]
[EventType "team-swiss"]
[EventRounds "5"]
[EventCountry "GER"]
[SourceTitle "CBM 179 Extra"]
[Source "ChessBase"]
[SourceDate "2017.08.23"]
[SourceVersion "1"]
[SourceVersionDate "2017.08.23"]
[SourceQuality "1"]
[WhiteTeam "Hamburg (W)"]
[BlackTeam "Schleswig Holstein (W)"]
[WhiteTeamCountry "GER"]
[BlackTeamCountry "GER"]

1. d4 d5 2. c4 e6 3. Nc3 Nf6 4. cxd5 exd5 5. Bg5 Be7 6. e3 0-0 7. Bd3 c6 8. Qc2 Nbd7 9. Nf3 h6 10. Bf4 Re8 11. h3 Nf8 12. Bh2 Bd6 13. Ne5 a6 14. 0-0 c5 15. Nf3 Bxh2+ 16. Kxh2 Ne6 17. dxc5 Qc7+ 18. Kg1 Nxc5 19. Na4 Ne6 20. Qxc7 Nxc7 21. Nb6 Rb8 22. Rac1 Na8 23. Nxa8 Rxa8 24. Rc7 b5 25. Nd4 Bd7 26. Bf5 Bxf5 27. Nxf5 Red8 28. Rfc1 Kf8 29. R1c6 Rd7 30. Rc8+ Rd8 31. Rxd8+ Rxd8 32. Rxa6 Kg8 33. Nxh6+ gxh6 34. Rxf6 Rc8 35. Rxh6 Rc1+ 36. Kh2 Rc2 37. Rb6 Rxb2 38. Kg3 Kf8 39. h4 Ke7 40. a3 Kd7 41. h5 Kc7 42. h6 Rb1 43. Rf6 Rh1 44. Rxf7+ Kc6 45. Rh7 Kc5 46. Rh8 Kc4 47. h7 Kb3 48. f4 1-0

[Event "GER-ch (Women)"]
[Site "Bad Wiessee"]
[Date "2017.04.07"]
[Round "8"]
[White "Schulze, Lara"]
[Black "Hielscher, Ursula"]
[Result "1-0"]
[WhiteElo "2157"]
[BlackElo "1796"]
[PlyCount "61"]
[EventDate "2017.03.31"]
[EventType "swiss"]
[EventRounds "9"]
[EventCountry "GER"]
[SourceTitle "CBM 177 Extra"]
[Source "ChessBase"]
[SourceDate "2017.04.27"]
[SourceVersion "1"]
[SourceVersionDate "2017.04.27"]
[SourceQuality "1"]

1. e4 e6 2. d4 b6 3. Nf3 Bb7 4. Bd3 c5 5. c3 a6 6. 0-0 d6 7. Re1 Nf6 8. a4 Be7 9. Nbd2 0-0 10. Qe2 Re8 11. Nf1 Nc6 12. h3 Na5 13. Bf4 c4 14. Bc2 d5 15. e5 Nd7 16. h4 Bxh4 17. Nxh4 Qxh4 18. g3 Qe7 19. Qh5 f5 20. g4 g6 21. Qh6 Qg7 22. Qh4 fxg4 23. Bh6 Qf7 24. Ne3 Qe7 25. Bg5 Qg7 26. Nxg4 h5 27. Nh6+ Kh8 28. Re3 Rf8 29. Rg3 Rf7 30. Nxf7+ Qxf7 31. Bxg6 1-0

[Event "GER-ch (Women)"]
[Site "Bad Wiessee"]
[Date "2017.04.04"]
[Round "5"]
[White "Mao, Yvonne"]
[Black "Hielscher, Ursula"]
[Result "1/2-1/2"]
[WhiteElo "1762"]
[BlackElo "1796"]
[PlyCount "102"]
[EventDate "2017.03.31"]
[EventType "swiss"]
[EventRounds "9"]
[EventCountry "GER"]
[SourceTitle "CBM 177 Extra"]
[Source "ChessBase"]
[SourceDate "2017.04.27"]
[SourceVersion "1"]
[SourceVersionDate "2017.04.27"]
[SourceQuality "1"]

1. e4 e6 2. c4 d5 3. exd5 exd5 4. cxd5 Qxd5 5. Nc3 Qe5+ 6. Be2 Nf6 7. Nf3 Qa5 8. 0-0 Be7 9. d4 c6 10. Re1 0-0 11. Bc4 Bb4 12. Qb3 Nd5 13. Bxd5 cxd5 14. Re5 Nc6 15. Rxd5 Be6 16. Rxa5 Bxb3 17. Rb5 Bc4 18. Rxb7 Rfd8 19. Be3 Ba6 20. Rc7 Na5 21. Ne4 Nc4 22. Bg5 Re8 23. Nc5 Bxc5 24. Rxc5 Nxb2 25. Rb1 Re2 26. Re5 Na4 27. Rxe2 Bxe2 28. d5 Nc3 29. Rb2 Bxf3 30. gxf3 Nxd5 31. Be3 Nxe3 32. fxe3 Kf8 33. Rb7 a5 34. Kf2 Rc8 35. Rb2 Ke7 36. Ke2 Rc6 37. e4 Kf6 38. Ke3 Rc3+ 39. Kf2 g5 40. Kg3 Kg6 41. Rd2 a4 42. Rd6+ Kg7 43. Rd5 h6 44. Rd2 Kg6 45. h3 Re3 46. Kg4 Rc3 47. Kg3 Re3 48. Kf2 Rc3 49. Re2 Kf6 50. Rd2 Ke6 51. Kg3 Ke5 1/2-1/2